| 000 | 00625nam a2200217 a 4500 | ||
|---|---|---|---|
| 005 | 20240228063850.0 | ||
| 008 | 031103s1999 mx r 000 0 spa d | ||
| 020 | _a968166079X | ||
| 035 | _aUPN01000130615 | ||
| 049 | _aI | ||
| 050 | 4 |
_aPZ76.3 _bD6.4 |
|
| 100 | 1 | _aDouzou, Livier | |
| 245 | 1 | 0 |
_aLobo / _cLivier Douzou. |
| 260 |
_aMéxico : _bFCE, _c1999. |
||
| 300 |
_a[23] p. : _bprincipalmente il. col. |
||
| 440 | 4 | _aLos especiales de a la orilla del viento | |
| 534 |
_pTraducción de: _tLoup |
||
| 650 | 0 |
_aAnimales _vCuentos y leyendas _9234 |
|
| 650 | 4 |
_aLibros y lectura para niños _92290 |
|
| 905 | _aInfantil | ||
| 999 |
_c102772 _d102772 |
||